000 00288nam a2200133Ia 4500
008 231129s1975||||xx |||||||||||||| ||spa||
040 _bspa
082 _aN864.3 D218r
100 _aDario Rubén seud.
245 0 _aLos raros
260 _c1975
264 _aAriel
942 _2ddc
_cBKS
999 _c20016
_d20016